00457 2200181 4500001002100000005001500021035002000036245003600056100001600092250001200108300002900120260004500149082001000194084001600204020002200220650001700242600001600259INLIS00000000000117420240719094520 a0010-07240001671 aAku Suka Belajar /cDian Onasis0 aDian Onasis aCet. IV a40 hlm ;c19,8 x 19,6 cm aBanyuanyar Surakarta :bziyadbook,c2021 a741.5 a741.5 DIA a a978-602-317-509-3 4aKoleksi Anak04aDian Onasis